| 000 -LEADER |
| fixed length control field |
01360cam a22003497a 4500 |
| 001 - CONTROL NUMBER |
| control field |
005466212 |
| 003 - CONTROL NUMBER IDENTIFIER |
| control field |
OSt |
| 005 - DATE AND TIME OF LATEST TRANSACTION |
| control field |
20231101094539.0 |
| 008 - FIXED-LENGTH DATA ELEMENTS--GENERAL INFORMATION |
| fixed length control field |
120809s2012 nyua c 000 1 eng d |
| 010 ## - LIBRARY OF CONGRESS CONTROL NUMBER |
| LC control number |
2011279419 |
| 020 ## - INTERNATIONAL STANDARD BOOK NUMBER |
| International Standard Book Number |
9781442411920 |
| Qualifying information |
(hbk.) : |
| 040 ## - CATALOGING SOURCE |
| Original cataloging agency |
NCNU |
| Language of cataloging |
eng |
| Transcribing agency |
NCNU |
| Modifying agency |
NCNU |
| -- |
KH8 |
| Description conventions |
AACR2 |
| 042 ## - AUTHENTICATION CODE |
| Authentication code |
nbic |
| 082 04 - DEWEY DECIMAL CLASSIFICATION NUMBER |
| Classification number |
FIC RUS |
| Edition number |
23 |
| 100 1# - MAIN ENTRY--PERSONAL NAME |
| Personal name |
Russell, Rachel Renee. |
| Relator term |
Author |
| 245 10 - TITLE STATEMENT |
| Title |
Tales from a not-so-graceful ice princess / |
| Statement of responsibility, etc. |
Rachel Renee Russell. |
| 250 ## - EDITION STATEMENT |
| Edition statement |
1st Aladdin hardcover ed. |
| 260 ## - PUBLICATION, DISTRIBUTION, ETC. |
| Place of publication, distribution, etc. |
New York ; |
| -- |
London ; |
| -- |
Toronto : |
| Name of publisher, distributor, etc. |
Aladdin, |
| Date of publication, distribution, etc. |
2012. |
| 300 ## - PHYSICAL DESCRIPTION |
| Extent |
347 p. : |
| Other physical details |
illus. ; |
| Dimensions |
21 cm. |
| 490 0# - SERIES STATEMENT |
| Series statement |
Dork diaries ; |
| Volume/sequential designation |
4. |
| 520 ## - SUMMARY, ETC. |
| Summary, etc. |
When her crush Brandon reveals that the animal shelter where he volunteers is in danger of being closed, Nikki and her friends enter an ice skating competition to help raise money, an effort that is compromised by an interfering Mackenzie. |
| 650 #0 - SUBJECT ADDED ENTRY--TOPICAL TERM |
| Topical term or geographic name entry element |
Skating |
| Form subdivision |
Juvenile fiction. |
| 650 #0 - SUBJECT ADDED ENTRY--TOPICAL TERM |
| Topical term or geographic name entry element |
Contests |
| Form subdivision |
Juvenile fiction. |
| 650 #0 - SUBJECT ADDED ENTRY--TOPICAL TERM |
| Topical term or geographic name entry element |
Money-making projects for children |
| Form subdivision |
Juvenile fiction. |
| 650 #0 - SUBJECT ADDED ENTRY--TOPICAL TERM |
| Topical term or geographic name entry element |
Animal shelters |
| Form subdivision |
Juvenile fiction. |
| 650 #0 - SUBJECT ADDED ENTRY--TOPICAL TERM |
| Topical term or geographic name entry element |
Friendship |
| Form subdivision |
Juvenile fiction. |
| 650 #0 - SUBJECT ADDED ENTRY--TOPICAL TERM |
| Topical term or geographic name entry element |
Schools |
| Form subdivision |
Juvenile fiction. |
| 650 #0 - SUBJECT ADDED ENTRY--TOPICAL TERM |
| Topical term or geographic name entry element |
Middle schools |
| Form subdivision |
Juvenile fiction. |
| 650 #0 - SUBJECT ADDED ENTRY--TOPICAL TERM |
| Topical term or geographic name entry element |
Popularity |
| Form subdivision |
Juvenile fiction. |
| 650 #0 - SUBJECT ADDED ENTRY--TOPICAL TERM |
| Topical term or geographic name entry element |
Diary fiction. |
| 942 ## - ADDED ENTRY ELEMENTS (KOHA) |
| Source of classification or shelving scheme |
|
| Koha item type |
Books - Fiction |